Central Library OPAC University of Rajshahi

Praxis der konformen Abbildung / (Record no. 51217)

MARC details
000 -LEADER
fixed length control field 00922nam a2200277 a 4500
001 - CONTROL NUMBER
control field 51217
003 - CONTROL NUMBER IDENTIFIER
rucl marc code BD-RjUL
005 - DATE AND TIME OF LATEST TRANSACTION
control field 20211209075627.0
008 - FIXED-LENGTH DATA ELEMENTS--GENERAL INFORMATION
fixed length control field 901105s1959 wb a b 001 0 ger d
035 ## - SYSTEM CONTROL NUMBER
System control number (BD-RjUL)51337
040 ## - CATALOGING SOURCE
Original cataloging agency DLC/ICU
Transcribing agency CGU/m.c/EUX
Language of cataloging eng
Modifying agency BD-RjUL
041 ## - LANGUAGE CODE
Language code of text/sound track or separate title eng
082 ## - DEWEY DECIMAL CLASSIFICATION NUMBER
Classification number 510
Edition number 23
Author mark and year KOP 1959
100 1# - MAIN ENTRY--PERSONAL NAME
Personal name Koppenfels, Werner von.
9 (RLIN) 153226
245 10 - TITLE STATEMENT
Title Praxis der konformen Abbildung /
Statement of responsibility, etc. von Werner von Koppenfels und Friedemann Stallmann
260 ## - PUBLICATION, DISTRIBUTION, ETC. (IMPRINT)
Place of publication, distribution, etc. Berlin :
Name of publisher, distributor, etc. Springer-Verlag,
Date of publication, distribution, etc. 1959
300 ## - PHYSICAL DESCRIPTION
Pagination xiii, 375 p. :
Illustrations ill. ;
Size 24 cm
490 1# - SERIES STATEMENT
Series statement Grundlehren der mathematischen Wissenschaften ;
Volume/sequential designation Bd.100
500 ## - GENERAL NOTE
General note Includes index
650 #0 - SUBJECT ADDED ENTRY--TOPICAL TERM
Topical term or geographic name as entry element Conformal mapping
9 (RLIN) 151028
Topical term or geographic name as entry element Mathemetics
9 (RLIN) 144279
700 1# - ADDED ENTRY--PERSONAL NAME
Personal name Stallmann, Friedemann,
Dates associated with a name 1921-
830 #0 - SERIES ADDED ENTRY--UNIFORM TITLE
Uniform title Grundlehren der mathematischen Wissenschaften ;
Volume number/sequential designation Bd.100
942 ## - ADDED ENTRY ELEMENTS (KOHA)
Source of classification or shelving scheme Dewey Decimal Classification
Koha item type Books
Holdings
Lost status Source of classification or shelving scheme Damaged status Not for loan Collection code Permanent Location Current Location Shelving location Date acquired Source of acquisition Total Checkouts Full call number Date last seen Copy number Koha item type
  Dewey Decimal Classification     Non-fiction Central Library, University of Rajshahi Central Library, University of Rajshahi   23/11/1968 Zeitlinger   510 KOP 1959 30/08/2016 C-2 Books